Češi tráví na sociálnich sítich denně přes dvě a půl hodiny

Z výsledkov prieskumu AMI Digital Index vyplýva, že každý Čech priemerne strávi na internete 159 minút denne. Vplyvom koronavírusovej krízy tento počet narástol najviac od roku 2016. Štyri petiny ľudí (79%) sú aktívni na sociálnych sieťach prakticky každý deň. Na čele najpoužívanejších sietí sa drží...

ver descrição completa

Na minha lista:
Detalhes bibliográficos
Formato: Capítulo de Livro
Idioma:tcheco
Assuntos:
Tags: Adicionar Tag
Sem tags, seja o primeiro a adicionar uma tag!

MARC

LEADER 00000naa a2200000 4500
001 0269256
005 20230105081105.5
041 0 |a cze 
044 |a CZ 
245 1 0 |a Češi tráví na sociálnich sítich denně přes dvě a půl hodiny 
520 |a Z výsledkov prieskumu AMI Digital Index vyplýva, že každý Čech priemerne strávi na internete 159 minút denne. Vplyvom koronavírusovej krízy tento počet narástol najviac od roku 2016. Štyri petiny ľudí (79%) sú aktívni na sociálnych sieťach prakticky každý deň. Na čele najpoužívanejších sietí sa drží YouTube (96%) užívateľov, za ním Facebook (90%) užívateľov. 
610 2 0 |a siete sociálne 
610 2 0 |a závislosť sociálna 
610 2 0 |a obyvateľstvo 
610 2 0 |a Česko